000 00632nam a22002297a 4500
003 OSt
005 20250604094857.0
008 250604s2005 ag ||||| |||| 00| 1 spa d
020 _a9789871210329
040 _cspa
100 1 _aMankell, Henning,
_d1948-2015,
_eautor
245 1 3 _aEl retorno del profesor de baile /
_cHenning Mankell ; traducción del sueco de Carmen Montes Cano
260 _aBuenos Aires :
_bTusquets,
_c2007
300 _a457 p.
490 0 _aColección andanzas ;
_v589
648 4 _aSiglo XXI
650 4 _aLiteratura
651 4 _aSuecia
653 _aPolicial
655 4 _aNovela
942 _2udc
_cOG
_n0
999 _c516
_d516